Ciudades de Japón - ¡Muerte súbita! - Estadísticas

Estadísticas generales
  • Esta prueba ha sido intentada 107 veces
    47 desde el último reinicio
  • La puntuación promedio es 9 de 24
Answers on the Grid
Answers color-coded by a green-red scale on the quiz's grid according to % correct below.
Busán
Chennai
Chiba
Doha
Fukuoka
Fukushima
Fuzhou
Gifu
Haida Gwaii
Hikikomori
Himeji
Hiroshima
Honolulu
Jeju
Kagoshima
Kaikōura
Kano
Kawasaki
Kitakyushu
Kōbe
Kumasi
Maiduguri
Managua
Manama
Mogadiscio
Nagano
Nagasaki
Nagoya
Nakuru
Niigata
Okayama
Okinawa
Osaka
Saitama
Sapporo
Sarasota
Sendai
Shanghái
Shifu
Shikoku
Shizuoka
Sokcho
Suwa
Taipéi
Tarento
Tianjin
Tokio
Toyota
Tsukino
Yakarta
Yokohama
 
Estadísticas de respuestas
Respuesta % Correcto
Fukushima
83%
Hiroshima
80%
Fukuoka
67%
Nagasaki
57%
Osaka
53%
Kawasaki
50%
Okinawa
50%
Tokio
50%
Yokohama
50%
Chiba
40%
Kōbe
37%
Nagoya
33%
Saitama
33%
Kagoshima
23%
Okayama
23%
Toyota
23%
Kitakyushu
20%
Shizuoka
20%
Himeji
17%
Nagano
17%
Niigata
17%
Sapporo
17%
Gifu
13%
Sendai
13%
No se encontraron pruebas coincidentes
Distribución de puntuación
Porcentaje de gente con cada puntuación
Porcentaje por número respondido
Historial de tus puntuaciones
No has intentado esta prueba desde el último reinicio